UM Logo

Pagbasa at Pagsulat: (Record no. 399)

MARC details
000 -LEADER
fixed length control field 00675nam a2200205 4500
008 - FIXED-LENGTH DATA ELEMENTS--GENERAL INFORMATION
fixed length control field 151202b xxu||||| |||| 00| 0 eng d
020 ## - INTERNATIONAL STANDARD BOOK NUMBER
International Standard Book Number 9789717251660
082 ## - DEWEY DECIMAL CLASSIFICATION NUMBER
Classification number DFil 499.2118
Item number Ag9p
Edition number 2014
100 ## - MAIN ENTRY--PERSONAL NAME
9 (RLIN) 2637
Personal name Aguilar, Reynaldo L.
245 ## - TITLE STATEMENT
Title Pagbasa at Pagsulat:
Remainder of title Tungo sa Pananaliksik/
Statement of responsibility, etc. Reynaldo L. Aguilar
260 ## - PUBLICATION, DISTRIBUTION, ETC. (IMPRINT)
Place of publication, distribution, etc. Metro Manila:
Name of publisher, distributor, etc. Grandbooks Publishing, Inc.,
Date of publication, distribution, etc. c2014.
300 ## - PHYSICAL DESCRIPTION
Extent vii, 340 pages;
Dimensions 21.5 cm.
650 #0 - SUBJECT ADDED ENTRY--TOPICAL TERM
9 (RLIN) 2640
Topical term or geographic name as entry element Research
General subdivision Methodology.
650 #0 - SUBJECT ADDED ENTRY--TOPICAL TERM
9 (RLIN) 2642
Topical term or geographic name as entry element Research.
650 #0 - SUBJECT ADDED ENTRY--TOPICAL TERM
9 (RLIN) 2644
Topical term or geographic name as entry element Research
General subdivision Pananaliksik.
700 ## - ADDED ENTRY--PERSONAL NAME
9 (RLIN) 1004
Personal name Magdalena O. Jocson
700 ## - ADDED ENTRY--PERSONAL NAME
9 (RLIN) 1005
Personal name Deogracia D.C. Santos
365 ## - TRADE PRICE
Price amount 405.00
Currency code Php
942 ## - ADDED ENTRY ELEMENTS (KOHA)
Source of classification or shelving scheme Dewey Decimal Classification
Koha item type Filipiniana
Holdings
Withdrawn status Lost status Source of classification or shelving scheme Damaged status Not for loan Collection code Home library Current library Date acquired Source of acquisition Total Checkouts Full call number Barcode Date last seen Copy number Price effective from Koha item type Shelving location Date last checked out
    Dewey Decimal Classification     Filipiniana UM Digos College - LIC UM Digos College - LIC 09/25/2015 Purchased   DFil 499.2118 Ag9p 2014 22655 06/08/2021 1 12/02/2015 Filipiniana    
    Dewey Decimal Classification     Filipiniana UM Digos College - LIC UM Digos College - LIC 09/25/2015 Purchased   DFil 499.2118 Ag9p 2014 22658 05/15/2025 4 12/02/2015 Filipiniana    
    Dewey Decimal Classification     Filipiniana UM Digos College - LIC UM Digos College - LIC 09/25/2014 Purchased   DFil 499.2118 Ag9p 2014 22657 05/15/2025 3 03/05/2016 Filipiniana    
    Dewey Decimal Classification     Filipiniana UM Digos College - LIC UM Digos College - LIC 09/25/2014 Purchased 2 DFil 499.2118 Ag9p 2014 22656 05/15/2025 2 03/08/2016 Filipiniana Book Cart 08/24/2020